Bernard Shaw: el Moliere del siglo XX

Uloženo v:
Podrobná bibliografie
Hlavní autor: Hamon, Agustín (Autor)
Médium: Kniha
Jazyk:španělština
Vydáno: Buenos Aires Pleamar 1963
Vydání:1a. ed
Edice:Colección Arquetipos
Témata:
Tagy: Přidat tag
Žádné tagy, Buďte první, kdo vytvoří štítek k tomuto záznamu!

MARC

LEADER 00000cam a2200000 a 4500
001 UCE4069
003 CL-VaPUC
008 141009e19630000ag |||||||||||||||||spa|d
082 0 4 |a 822.09  |b HAM  |2 21 
100 0 |a Hamon, Agustín  |e author  |9 576636 
245 1 0 |a Bernard Shaw: el Moliere del siglo XX 
250 |a 1a. ed 
300 |a 183 p 
942 |c BK 
945 |d 20141009 14:36:00  |a dcastane 
260 |a Buenos Aires  |b Pleamar  |c 1963 
600 0 7 |a SHAW, BERNARD  |2 CL-VaPUC  |9 349946 
650 0 |a Dramas ingleses  |9 269396 
650 0 |a Literatura inglesa  |9 312907 
650 0 |a Crítica e interpretación   |9 255042 
583 |a last modification  |c 20141009 14:36:00  |k Rodrigo Vera 
490 0 |a Colección Arquetipos 
999 |c 357147  |d 357145 
952 |0 0  |1 0  |3 erb  |4 0  |6 822_090000000000000_HAM_1963  |7 0  |8 A  |9 464968  |a BIBEDU  |b BIBEDU  |i 5041724  |o 822.09 HAM 1963  |p 5041724  |r 2019-11-23  |w 2019-11-23  |y BK  |z Catalogado en:20141009  |k LIT